|
|
|
|
| LEADER |
01133nam a2200337 4500 |
| 001 |
DLU090067531 |
| 005 |
##20090420 |
| 040 |
# |
# |
|a DLU
|b eng
|
| 041 |
# |
# |
|a eng
|
| 044 |
# |
# |
|a UK
|
| 245 |
# |
# |
|a Likelihood-based clustering (LIBAC) for codon models, a method for grouping sites according to similarities in the underlying process of evolution /
|c Le Bao, Hong Gu, Katherine A. Dunn, Joseph P. Bielawski.
|
| 653 |
# |
# |
|a Bayes error rate
|
| 653 |
# |
# |
|a Codon model
|
| 653 |
# |
# |
|a Likelihood-based clustering
|
| 653 |
# |
# |
|a Nonsynonymous rate ratio
|
| 653 |
# |
# |
|a Positive Darwinian selection
|
| 653 |
# |
# |
|a Synonymous rate ratio
|
| 700 |
# |
# |
|a Bao, Le.
|
| 700 |
# |
# |
|a Bielawski, Joseph P.
|
| 700 |
# |
# |
|a Dunn, Katherine A.
|
| 700 |
# |
# |
|a Gu, Hong.
|
| 773 |
# |
# |
|t Molecular Biology and Evolution
|g Vol. 25, no. 9 (September 2008), p. 1995-2007
|
| 920 |
# |
# |
|a Phòng Tạp chí -- Trung tâm Thông tin - Thư viện Trường Đại học Đà Lạt
|
| 994 |
# |
# |
|a DLU
|
| 900 |
# |
# |
|a True
|
| 911 |
# |
# |
|a Trương Bảo Trâm Anh
|
| 925 |
# |
# |
|a G
|
| 926 |
# |
# |
|a A
|
| 927 |
# |
# |
|a BB
|
| 980 |
# |
# |
|a Thư viện Trường Đại học Đà Lạt
|